000 01027cam a22003497 4500
001 426156
003 DO-SdBNP
005 20180125132710.0
007 426156
008 080513s1999 sp | |||| 000 1 spa
015 _a
017 _a
_b
020 _a8422682214
035 _a
040 _aBPSMU
_bspa
_cBPMSU
_e
041 1 _aspa
_h
080 _a
082 _a823.91
_bR884c
100 1 _aRowling, J. K.
_d1965-
240 1 0 _aHarry Potter and the chamber of secrets
_lEspañol
245 1 0 _aHarry Potter y la cámara secreta /
_h
_cJ. K. Rowling ; traducción, Adolfo Muñoz García y Nieves Martín Azofra
260 _aBarcelona :
_bEditores S. A,
_c1999
300 _a344 p.;
_c22 cm
490 0 _aCírculo de lectores
_v
650 _aNOVELA INGLESA
700 _aMuñoz, Adolfo
_etr.
700 _a Martín Azofra, Nieves,
_etr.
830 _aCírculo de lectores
_v
942 _2ddc
_cBK
945 _aInventariado extranjero / 2018 VM
956 _aVMATEO
_b10
_c20160720
_dBPMSU
_f0069
999 _c10965
_d10965